Au bout de mes rêves - Jean-Jacques Goldman : Paroles - Statistiques

Statistiques générales
  • Ce quiz a été pris 69 fois
  • Le résultat moyen est 256 sur 306
Statistiques - réponses
Paroles % Correct
à
100%
de
100%
me
100%
au
98%
la
98%
bout
96%
mes
96%
rêves
96%
j'irai
94%
ou
92%
92%
le
90%
tout
90%
raison
88%
les
86%
s'achève
86%
te
86%
Et
84%
et
84%
même
82%
si
82%
temps
82%
un
82%
est
80%
que
80%
s'il
80%
court
78%
ne
78%
peu
78%
presse
78%
des
76%
laisse
76%
sont
76%
qu'on
74%
faut
72%
jours
72%
force
70%
minutes
68%
années
64%
murmures
64%
en
60%
fond
60%
je
60%
l'on
56%
moi
56%
murs
56%
partir
56%
dans
54%
briser
52%
nos
52%
m'arrête
50%
nom
50%
ton
50%
mauvais
48%
nous
48%
détour
46%
trace
46%
trompettes
46%
ces
44%
d'un
44%
espace
44%
jure
44%
mais
44%
mon
44%
soufflant
44%
blessure
42%
changer
42%
courants
42%
dieux
42%
vent
42%
chercher
38%
creux
38%
dessus
38%
garderai
38%
j'effacerai
38%
sous
38%
tu
38%
amours
36%
l'empreinte
36%
moments
36%
genoux
34%
laisses
34%
l'exil
34%
plier
34%
terre
34%
tempêtes
32%
teste
32%
tête
32%
ferons
30%
courber
24%
Aucun quiz correspondant
Distribution des résultats
% des personnes avec chaque résultat
Percentile par nombre de réponses
Votre historique - résultats
Vous n’avez pas pris ce quiz